Shifting agriculture and sustainable development : an interdisciplinary study from north-eastern India /

Bibliographic Details
Main Author: Ramakrishnan, P. S.
Format: Book
Language:English
Published: Paris : Carnforth, Lancs, UK ; Park Ridge, N.J., USA : UNESCO ; Parthenon Pub. Group, 1992.
Series:Man and the biosphere series ; v. 10.
Subjects:

MARC

Tag First Indicator Second Indicator Subfields
LEADER 00000cam a2200000 a 4500
001 in00001188621
005 20151002050356.0
008 920204s1992 fr ab b 001 0 eng
010 |a  92005059  
015 |a GB92-44243 
019 |a 28063100 
020 |a 1850703833 :  |c $85.00 
020 |a 9231027492 
035 |a (OCoLC)25370867 
035 |9 AGG7846AM 
040 |a DLC  |c DLC  |d AGL  |d OCL  |d UKM  |d TXA  |d UtOrBLW 
043 |a a-ii--- 
049 |a TXAM 
050 0 0 |a S602.87  |b .R36 1992 
070 0 |a GF75.M35  |b v. 10 
072 0 |a X300 
082 0 0 |a 333.76/13/09541  |2 20 
100 1 |a Ramakrishnan, P. S. 
245 1 0 |a Shifting agriculture and sustainable development :  |b an interdisciplinary study from north-eastern India /  |c P.S. Ramakrishnan. 
264 1 |a Paris :  |b UNESCO ;  |a Carnforth, Lancs, UK ;  |a Park Ridge, N.J., USA :  |b Parthenon Pub. Group,  |c 1992. 
300 |a xvii, 424 pages :  |b illustrations, map ;  |c 24 cm. 
336 |a text  |b txt  |2 rdacontent 
337 |a unmediated  |b n  |2 rdamedia 
338 |a volume  |b nc  |2 rdacarrier 
490 1 |a Man and the biosphere series ;  |v v. 10 
504 |a Includes bibliographical references (pages 395-414) and index. 
650 0 |a Shifting cultivation  |x Environmental aspects  |z India, Northeastern. 
650 0 |a Agricultural ecology  |z India, Northeastern. 
650 0 |a Forest ecology  |z India, Northeastern. 
650 0 |a Human ecology  |z India, Northeastern. 
653 0 |a Agriculture 
653 0 |a India 
830 0 |a Man and the biosphere series ;  |v v. 10. 
999 |a MARS 
999 f f |s bc406ec0-03d3-32fd-9406-d6eeba1f8801  |i e9fa2900-d0c3-3814-a56f-811d9011a03d  |t 0 
952 f f |p ric  |a Texas A&M University  |b Rellis Campus  |c Joint Library Facility  |d Remote Storage  |t 0  |e S602.87 .R36 1992  |h Library of Congress classification  |i unmediated -- volume  |m A14818470779 
998 f f |a S602.87 .R36 1992  |t 0  |l Remote Storage